000 01126nam a2200313 a 4500
001 000023414
005 20240509123002.0
008 101206s1998 mx r 000 0 spa d
020 _a8427712588
040 _aDO-SdBNP
_bspa
_cBNPHU
041 1 7 _aspa
_heng
_2Código de idioma MARC
082 _a331.4
_bV648m
245 0 1 _aLa vida de las mujeres en las ciudades :
_bla ciudad, un espejo para el cambio /
_cChris Booth, Jane Darke y Susan Yeandle ; traducción Merche Comabella.
260 _aMadrid :
_bNarcea Ediciones,
_c1998.
300 _a238, [1] p. ;
_c22 cm.
490 1 _aMujeres
500 _aIncluye referencias bibliográficas y notas al pie de las páginas
504 _aIncluye bibliografía (p. [234]-238)
534 _aTítulo original.
_tChanging places, women's lives in the city.
650 4 _aMujeres trabajadoras
_932338
650 0 _aMujeres
_913968
650 4 _aVida
_911946
700 1 _aBooth, Chris,
_eed.
_948245
700 1 _aDarke, Jane,
_eed.
_948246
700 1 _aYeandle, Susan,
_eed.
_948247
700 1 _aComabella, Merche,
_etr.
_948248
830 0 _aMujeres
_98820
049 _aBNGR
999 _c22911
_d22911